000 00380nam a2200157Ia 4500
008 230917s9999||||xx |||||||||||||| ||und||
040 _e152412
_aMAIN
041 _aEnglish
082 _a346.022 K141S
100 _aKapoor, s.K.
245 0 _aSavinda vidhi (Law of contract)
250 _a9Th ed.
260 _aAllahabad
_bCentral law
_c1995
300 _a360p p.
942 _cBK
999 _c93904
_d93904